| 000 | 01192nam a22003737a 4500 | ||
|---|---|---|---|
| 001 | 0024384 | ||
| 003 | KOHA_MİRAKIL | ||
| 005 | 20260207002438.0 | ||
| 007 | ta | ||
| 008 | 101112b2009 tu |||gr||||#||||0|tur | | ||
| 020 |
_a9789755917719 _c10,64 |
||
| 040 |
_aTR-BiSEU _btur _cTR-BiSEU _erda |
||
| 041 | 0 | _atur | |
| 044 | _ctu | ||
| 050 |
_aQA377 _b.D47 2009 |
||
| 100 | 1 | _aDernek, A. Neşe. | |
| 245 | 1 |
_aKısmi türevli denklemler ve çözümlü problemler/ _cA. Neşe Dernek ; A. Neşe Dernek. |
|
| 264 | 1 |
_aAnkara : _bNobel Yayın Dağıtım _c2009 |
|
| 300 | _a302 sayfa; 23 cm. | ||
| 336 |
_ametin _btxt _2rdacontent |
||
| 337 |
_aaracısız _bn _2rdamedia |
||
| 338 |
_acilt _bnc _2rdacarrier |
||
| 490 | 1 |
_aNobel yayın ; _v786. |
|
| 490 | 1 |
_aMatematik yayınları dizisi ; _v29. |
|
| 500 | _aKaynakça var. | ||
| 650 | 0 |
_aDifarensiyel denklemler, Kısmi. _949794 |
|
| 650 | 0 |
_aDifferential equations, Partial. _949795 |
|
| 650 | 0 |
_aİntegral denklemler. _949796 |
|
| 650 | 0 |
_aIntegral equations. _934490 |
|
| 650 | 0 |
_aPfaffian systems. _949797 |
|
| 830 | 1 |
_aNobel yayın ; _v786. _91510 |
|
| 830 | 1 |
_aMatematik yayınları dizisi ; _v29. _92032 |
|
| 942 |
_2lcc _cBK |
||
| 999 |
_c24336 _d24336 |
||